El Arte precolombino de América del Norte / Carlos Cid Priego
Descripción Física:
78 p. : il. ; 18 cm
Materias:
Art precolombí -- Amèrica del Nord
MARC
| LEADER | 00000nam a2200000Ia 4500 | ||
|---|---|---|---|
| 001 | 17559 | ||
| 008 | 160829s1954 xx 000 0 cat d | ||
| 080 | |a B-1-399 | ||
| 100 | |a Cid Priego, Carlos |9 19791 | ||
| 245 | |a El Arte precolombino de América del Norte / Carlos Cid Priego | ||
| 260 | |a Barcelona : |b A.C.I., |c 1954 | ||
| 300 | |a 78 p. : |b il. ; |c 18 cm | ||
| 490 | |a Cuadernos de la Asociación Cultural Iberoamericana | ||
| 650 | |a Art precolombí |x Amèrica del Nord |9 23201 | ||
| 901 | |a Arxiu | ||
| 942 | |n 1 | ||
| 952 | |0 0 |1 0 |4 0 |6 B1399 |7 1 |9 42615 |a Arxiu |b Arxiu |d 2016-12-01 |l 0 |o B-1-399 |p 17559 |r 2016-12-01 00:00:00 |w 2016-12-01 |y ARXIU | ||
| 999 | |c 45120 |d 45120 | ||